Management Principles And Practices (Record no. 4988)

MARC details
005 - DATE AND TIME OF LATEST TRANSACTION
control field 20250625094955.0
082 ## - DEWEY DECIMAL CLASSIFICATION NUMBER
Classification number 658TIM.
100 ## - MAIN ENTRY--PERSONAL NAME
Author name TIMOTHLY. V.
245 ## - TITLE STATEMENT
Title Management Principles And Practices
260 ## - PUBLICATION, DISTRIBUTION, ETC.
Place of publication, distribution, etc. Dodoma,
Name of publisher, distributor, etc. Unpublished
Date of publication, distribution, etc. 2007.
300 ## - PHYSICAL DESCRIPTION
Extent v.; 159p.
Dimensions 29cm
942 ## - ADDED ENTRY ELEMENTS (KOHA)
Source of classification or shelving scheme Dewey Decimal Classification
Koha item type Books
Holdings
Date last seen Total checkouts Full call number Barcode Cost, replacement price Price effective from Koha item type Lost status Source of classification or shelving scheme Damaged status Not for loan Withdrawn status Home library Current library Shelving location Date acquired Cost, normal purchase price
06/25/2025   658TIM DOM0003573 150000.00 06/25/2025 Books   Dewey Decimal Classification       CBE Dodoma CBE Dodoma Special Reserve Collection 12/06/2021 50000.00